[Event "London ENG"]
[Site "?"]
[Date "1984.04.??"]
[Round "13"]
[White "Kortschnoj Viktor"]
[Black "Polugaevsky Lev A"]
[Result "1/2-1/2"]
[WhiteElo "2635"]
[BlackElo "2615"]
[PlyCount "59"]
[EventDate "1984.??.??"]
[Source "www.chesslib.no"]
[SourceDate "2004.05.04"]

1. d4 Nf6 2. c4 e5 3. g3 Bb4+ 4. Bd2 Be7 5. Bg2 d5 6. Nf3 O-O 7. O-O c6 8. Qc2 b6 9. b3 Nbd7 10. Bc3 Bb7 11. Nbd2 c5 12. dxc5 Nxc5 13. Qb2 Rc8 14. Rfd1 Qe8 15. Nxe5 b5 16. cxb5 Qxb5 17. e3 a5 18. Bd4 Ba6 19. a3 Qb7 20. b4 axb4 21. axb4 Nd3 22. Nxd3 Bxd3 23. Bc3 Rc7 24. Nb3 Be4 25. Bxe4 Nxe4 26. Bxg7 Rfc8 27. Nc5 Bxc5 28. bxc5 Qxb2 29. Bxb2 Rxc5 30. Rac1 1/2-1/2

[Event "44th National A ch-IND"]
[Site "Atul IND"]
[Date "2006.12.28"]
[Round "12"]
[White "Deepan, C."]
[Black "Roy Chowdhury, S."]
[Result "1/2-1/2"]
[WhiteElo "2501"]
[BlackElo "2423"]
[PlyCount "39"]
[EventDate "2006.12.18"]
[Source "www.chesslib.no"]
[SourceDate "2004.05.04"]

1. d4 Nf6 2. c4 e5 3. Nc3 d5 4. cxd5 exd4 5. Bg5 c6 6. Qc2 Be7 7. e3 Nbd7 8. Bd3 Nf8 9. Nge2 Bg4 10. f3 Bh5 11. O-O Ne6 12. Bh4 Bg6 13. Rad1 O-O 14. h3 Rc8 15. Bf2 Bxd3 16. Qxd3 g6 17. e4 a6 18. Be3 Nh5 19. Qd2 Nhg7 20. Nf4 1/2-1/2

[Event "AUT-chT2O 0102"]
[Site "?"]
[Date "2001.??.??"]
[Round "3"]
[White "Tibensky Robert"]
[Black "Kummer Helmut"]
[Result "1-0"]
[WhiteElo "2440"]
[BlackElo "2361"]
[PlyCount "89"]
[EventDate "2001.??.??"]
[Source "www.chesslib.no"]
[SourceDate "2004.05.04"]

1. c4 Nf6 2. d4 e5 3. e3 e4 4. Nc3 Bb4 5. Nge2 O-O 6. Bd2 a5 7. a3 Bxc3 8. Nxc3 d6 9. Be2 c6 10. O-O Re8 11. f4 Nbd7 12. Be1 Nf8 13. g4 b6 14. Kh1 Bb7 15. Rg1 Ra7 16. Qc2 Ba8 17. Bh4 Ng6 18. Bg3 Kh8 19. f5 Ne7 20. g5 Nfg8 21. Raf1 f6 22. h4 d5 23. cxd5 Nxd5 24. Nxd5 cxd5 25. Bb5 Rf8 26. Qh2 Ne7 27. gxf6 gxf6 28. Bd6 Rg8 29. Rxg8+ Nxg8 30. Rc1 Rg7 31. Qf4 Bb7 32. Rc7 Rxc7 33. Bxc7 Qc8 34. Kg1 Ba6 35. Ba4 Ne7 36. Kf2 Bd3 37. Bd1 b5 38. Bd6 Qd7 39. Bc5 a4 40. h5 Nc6 41. h6 Qd8 42. Bh5 Qa5 43. Bb4 Qd8 44. Qg3 Qd7 45. Ke1 1-0

[Event "It Open"]
[Site "Sydney AUS"]
[Date "1992.??.??"]
[Round "?"]
[White "Wegener, Dirk"]
[Black "West, Guy"]
[Result "0-1"]
[WhiteElo "2305"]
[BlackElo "2445"]
[PlyCount "64"]
[EventDate "1992.??.??"]
[Source "www.chesslib.no"]
[SourceDate "2004.05.04"]

1. d4 Nf6 2. c4 e5 3. e3 exd4 4. exd4 Bb4+ 5. Bd2 Bxd2+ 6. Nxd2 O-O 7. Bd3 d5 8. Ne2 dxc4 9. Nxc4 Nc6 10. O-O Bg4 11. f3 Bh5 12. Ne5 Nb4 13. Bc4 Nbd5 14. Qb3 Nb6 15. Bd3 Nfd5 16. Kh1 f6 17. Ng4 Bf7 18. Qa3 Re8 19. Rfe1 Qe7 20. Qc5 h5 21. Nf2 Qe3 22. Rf1 Qd2 23. Nc3 Qxb2 24. Nxd5 Nxd5 25. Rab1 Qd2 26. Rxb7 Re1 27. Kg1 Ne3 28. Qxc7 Rf8 29. Rb8 Nxf1 30. Rxf8+ Kxf8 31. Qc5+ Kg8 32. Bxf1 Qe2 0-1

[Event "Zabrzanski Wrzesien Open"]
[Site "Zabrzanski Wrzesien"]
[Date "1994.??.??"]
[Round "?"]
[White "Kiselev, Gennady"]
[Black "Helis, Tadeusz"]
[Result "1-0"]
[WhiteElo "2490"]
[BlackElo "2255"]
[PlyCount "79"]
[EventDate "1994.??.??"]
[Source "www.chesslib.no"]
[SourceDate "2004.05.04"]

1. d4 Nf6 2. c4 e5 3. e3 d6 4. Nc3 c6 5. Nf3 Qc7 6. Be2 Be7 7. O-O O-O 8. Qc2 Re8 9. Rb1 Bf8 10. b4 e4 11. Nd2 d5 12. b5 Bg4 13. Re1 Nbd7 14. Bf1 Bh5 15. Qb3 Ng4 16. g3 Ngf6 17. cxd5 c5 18. Nc4 Rad8 19. b6 axb6 20. Nb5 Qb8 21. d6 Bg6 22. Ba3 cxd4 23. Nxd4 Nc5 24. Qxb6 Nfd7 25. Qb5 Bxd6 26. Nxd6 Qxd6 27. Rec1 b6 28. Bh3 Qe5 29. Bxc5 Nxc5 30. Nc6 Qh5 31. Nxd8 Rxd8 32. Qxb6 Rf8 33. Qxc5 Qxh3 34. Qd6 h5 35. Rb8 Rxb8 36. Qxb8+ Kh7 37. Rc8 Bf5 38. Rh8+ Kg6 39. Qf4 f6 40. Qh4 1-0

[Event "Tenkes Kupa"]
[Site "Harkany"]
[Date "1995.??.??"]
[Round "?"]
[White "Gyorkos, Lajos"]
[Black "Kaposztas, Miklos"]
[Result "0-1"]
[WhiteElo "2405"]
[BlackElo "2310"]
[PlyCount "76"]
[EventDate "1995.11.??"]
[Source "www.chesslib.no"]
[SourceDate "2004.05.04"]

1. d4 Nf6 2. c4 e5 3. Nf3 e4 4. Ng5 h6 5. Nh3 d5 6. cxd5 Qxd5 7. Nf4 Bb4+ 8. Nc3 Qc4 9. Qd2 O-O 10. e3 Qc6 11. a3 Bd6 12. Nfe2 b5 13. Ng3 a6 14. Be2 Re8 15. O-O Bb7 16. b4 Nbd7 17. Bb2 Nb6 18. f4 Nc4 19. Bxc4 Qxc4 20. Rac1 Qe6 21. Qc2 Nd5 22. Qe2 Nxc3 23. Rxc3 Bd5 24. Qh5 c6 25. Rc2 Kh7 26. f5 Qf6 27. Qh3 a5 28. Bc3 Qd8 29. Nh5 Bc4 30. Rfc1 g6 31. fxg6+ fxg6 32. Ng3 Be6 33. Qxe6 Rxe6 34. Rf2 axb4 35. axb4 Bxg3 36. hxg3 Rf6 37. Rxf6 Qxf6 38. d5 Qg5 0-1

[Event "Alcazar"]
[Site "?"]
[Date "1988.??.??"]
[Round "?"]
[White "Gonzalez"]
[Black "Illescas"]
[Result "0-1"]
[WhiteElo "2200"]
[BlackElo "2495"]
[PlyCount "57"]
[EventDate "1988.??.??"]
[Source "www.chesslib.no"]
[SourceDate "2004.05.04"]

1. d4 Nf6 2. c4 e5 3. Nf3 e4 4. Nfd2 c6 5. g3 d5 6. e3 Bd6 7. Bg2 a6 8. O-O O-O 9. Nc3 b5 10. cxd5 cxd5 11. Ndxe4 dxe4 12. Nxe4 Nxe4 13. Bxe4 Ra7 14. b3 Nd7 15. Bb2 Nf6 16. Bg2 Re8 17. Qf3 Bb7 18. Qe2 Bxg2 19. Kxg2 Rae7 20. f3 Rxe3 21. Qd1 Nd5 22. Rf2 h5 23. Rc1 h4 24. Qh1 Qg5 25. Bc3 hxg3 26. Rg1 gxf2+ 27. Kxf2 Re2+ 28. Kf1 Qc1+ 29. Be1 0-1

[Event "Open"]
[Site "?"]
[Date "2005.07.04"]
[Round "1"]
[White "Del Rio Angelis Salvador G"]
[Black "Fabregas Fernandez Bernat"]
[Result "1-0"]
[WhiteElo "2470"]
[BlackElo "2221"]
[PlyCount "67"]
[EventDate "2005.??.??"]
[Source "www.chesslib.no"]
[SourceDate "2004.05.04"]

1. d4 Nf6 2. c4 e5 3. e3 exd4 4. exd4 Bb4+ 5. Nc3 Ne4 6. Bd2 Nxd2 7. Qe2+ Qe7 8. Qxe7+ Bxe7 9. Kxd2 O-O 10. Re1 Bd8 11. g3 d6 12. Bh3 Nc6 13. Bxc8 Rxc8 14. Nf3 g6 15. Nd5 Kg7 16. b4 Bf6 17. Kd3 a5 18. a3 axb4 19. axb4 Ra8 20. Ra1 Rfc8 21. Rhe1 b6 22. g4 g5 23. b5 Rxa1 24. Rxa1 Na5 25. Nd2 Rh8 26. Nxc7 h5 27. h3 hxg4 28. hxg4 Rh2 29. Ne8+ Kg6 30. Nxf6 Kxf6 31. Ke3 Rh3+ 32. f3 Rh2 33. Ra4 Ke7 34. c5 1-0

[Event "Corr"]
[Site "?"]
[Date "1998.??.??"]
[Round "?"]
[White "Luzardo Alvarez Julio Cesar"]
[Black "Chan Daniel Roberto"]
[Result "0-1"]
[WhiteElo "2315"]
[BlackElo "2375"]
[PlyCount "80"]
[EventDate "1998.??.??"]
[Source "www.chesslib.no"]
[SourceDate "2004.05.04"]

1. d4 Nf6 2. c4 e5 3. d5 Bc5 4. Nc3 d6 5. Qc2 O-O 6. Nf3 c6 7. Bg5 Nbd7 8. e3 Qc7 9. Bd3 h6 10. Bh4 Bb4 11. O-O Bxc3 12. dxc6 bxc6 13. bxc3 Nc5 14. Bxf6 gxf6 15. Bh7+ Kg7 16. Nh4 Be6 17. f4 Bxc4 18. Rf3 Rh8 19. Rg3+ Kf8 20. fxe5 dxe5 21. Rg4 Be6 22. Rg3 Rd8 23. Rf1 Bc4 24. Ra1 Qd7 25. Rf3 Qg4 26. Ng6+ fxg6 27. Rxf6+ Ke7 28. Rxg6 Qe2 29. Rg7+ Kf8 30. Qf5+ Kxg7 31. Qg6+ Kf8 32. Qf6+ Ke8 33. Qxh8+ Ke7 34. Qg7+ Kd6 35. Qxh6+ Kc7 36. Qg7+ Kb6 37. Rb1+ Ka6 38. Qxe5 Rd2 39. Qg7 Bd5 40. Qg5 Qf2+ 0-1

[Event "Memorial Keres GMF"]
[Site "Tallinn EST"]
[Date "2007.01.11"]
[Round "8"]
[White "Shvyrjov, I."]
[Black "Gansvind, V."]
[Result "0-1"]
[WhiteElo "2412"]
[BlackElo "2252"]
[PlyCount "72"]
[EventDate "2007.01.06"]
[Source "www.chesslib.no"]
[SourceDate "2004.05.04"]

1. d4 Nf6 2. c4 e5 3. Nc3 exd4 4. Qxd4 Nc6 5. Qd2 Bc5 6. e3 O-O 7. Nge2 Re8 8. Ng3 h5 9. h3 h4 10. Nge2 d6 11. a3 a5 12. b3 Bf5 13. Bb2 Nh5 14. Nd5 Ne5 15. Nd4 Be4 16. O-O-O c6 17. Nc3 Bg6 18. Na4 Ba7 19. Nf3 Qf6 20. Qxd6 Qf5 21. Ne1 Qxf2 22. c5 Qxe3+ 23. Qd2 Bxc5 24. Nxc5 Qxc5+ 25. Qc3 Qxc3+ 26. Bxc3 Ng3 27. Rg1 f6 28. Nf3 Nxf3 29. gxf3 a4 30. Rd7 b5 31. Rd4 Re3 32. Kb2 Rxf3 33. Rxh4 Bf5 34. Bg2 Rf2+ 35. Ka1 axb3 36. Bb2 Rxa3+ 0-1

[Event "SLO Team Ch"]
[Site "Slovenia"]
[Date "1994.??.??"]
[Round "?"]
[White "Brglez, Rado"]
[Black "Osmanbegovic, Suad"]
[Result "1/2-1/2"]
[WhiteElo "2285"]
[BlackElo "2360"]
[PlyCount "40"]
[EventDate "1994.??.??"]
[Source "www.chesslib.no"]
[SourceDate "2004.05.04"]

1. d4 Nf6 2. c4 e5 3. e3 exd4 4. exd4 Bb4+ 5. Bd2 Bxd2+ 6. Nxd2 O-O 7. Bd3 d5 8. c5 b6 9. cxb6 axb6 10. Ne2 c5 11. O-O Bg4 12. h3 Bh5 13. g4 Bg6 14. Nf3 Nc6 15. Nc3 Qd6 16. Kg2 c4 17. Bxg6 fxg6 18. Re1 Qf4 19. Ne2 Qd6 20. Nc3 Qf4 1/2-1/2

[Event "CZE-chT2 9900"]
[Site "CZE"]
[Date "1999.??.??"]
[Round "?"]
[White "Krouzel, Jaroslav"]
[Black "Pokorny, Zdenek"]
[Result "1-0"]
[WhiteElo "2297"]
[BlackElo "2330"]
[PlyCount "63"]
[EventDate "1999.??.??"]
[Source "www.chesslib.no"]
[SourceDate "2004.05.04"]

1. d4 Nf6 2. c4 e5 3. d5 Bc5 4. Nc3 d6 5. h3 c6 6. e4 O-O 7. Bd3 a5 8. Nge2 Na6 9. O-O Nh5 10. Kh2 Qh4 11. Qe1 Nf4 12. Nxf4 exf4 13. f3 Qh6 14. Ne2 g5 15. g4 Bd7 16. a3 cxd5 17. cxd5 b5 18. Kg2 Bb6 19. h4 f6 20. Rh1 Qg6 21. Bb1 Qg7 22. Bd2 b4 23. e5 fxe5 24. hxg5 Qxg5 25. Rh5 Qf6 26. Bxh7+ Kg7 27. Bf5 Bxf5 28. Rxf5 Qe7 29. Rh5 Rh8 30. Nxf4 Nc5 31. axb4 Nb3 32. Qe4 1-0

[Event "Manhattan CC Open, 2/90"]
[Site "Manhattan CC Open, 2/90"]
[Date "1990.??.??"]
[Round "4"]
[White "Baczynskyj, Boris"]
[Black "Ilandzis, Sp"]
[Result "0-1"]
[WhiteElo "2290"]
[BlackElo "2330"]
[PlyCount "92"]
[EventDate "1990.??.??"]
[Source "www.chesslib.no"]
[SourceDate "2004.05.04"]

1. d4 Nf6 2. c4 e5 3. Nc3 exd4 4. Qxd4 Nc6 5. Qd1 Bc5 6. Bf4 d6 7. e3 Bf5 8. Nf3 h6 9. h3 Ne4 10. Be2 Bb4 11. Qb3 Bxc3+ 12. bxc3 Nc5 13. Qd1 Qf6 14. Nd4 Bg6 15. O-O Ne5 16. Bxe5 dxe5 17. Nb5 Qe7 18. Kh1 Rd8 19. Qc1 a6 20. Na3 O-O 21. Nc2 Qf6 22. Nb4 c6 23. f3 Rd6 24. e4 Rfd8 25. Rd1 Rxd1+ 26. Bxd1 a5 27. Nc2 Nd3 28. Qe3 Bxe4 29. Ne1 Nxe1 30. Qxe4 Nd3 31. Kg1 Qg5 32. Be2 Nf4 33. Bf1 Nxh3+ 34. Kh2 Nf2 35. Qe1 Rd2 36. Be2 Nd3 37. Qf1 Nf4 38. Re1 Nxg2 39. Qxg2 Qh4+ 40. Qh3 Qf2+ 41. Kh1 Qxe1+ 42. Bf1 f5 43. a4 Rf2 44. Kg1 Rxf1+ 45. Qxf1 Qxf1+ 46. Kxf1 Kf7 0-1

[Event "BL2-W 8788"]
[Site "GER"]
[Date "1988.??.??"]
[Round "?"]
[White "Konikowski, Jerzy"]
[Black "Huelsmann, Josef"]
[Result "1/2-1/2"]
[WhiteElo "2390"]
[BlackElo "2220"]
[PlyCount "55"]
[EventDate "1987.10.??"]
[Source "www.chesslib.no"]
[SourceDate "2004.05.04"]

1. d4 Nf6 2. c4 e5 3. d5 Bb4+ 4. Nd2 a5 5. a3 Bc5 6. e3 a4 7. Bd3 d6 8. Ne2 O-O 9. Nc3 Bd7 10. O-O Bb6 11. Bc2 Qe8 12. Nf3 g6 13. e4 Kg7 14. Kh1 Ng4 15. Qd2 f5 16. h3 fxe4 17. Nxe4 Nf6 18. Qh6+ Kg8 19. Be3 Nxe4 20. Bxe4 Na6 21. g4 Nc5 22. Ng5 Qe7 23. Bc2 Qg7 24. Qh4 Rf6 25. Nxh7 Qxh7 26. Qxf6 Qxh3+ 27. Kg1 Qxg4+ 28. Kh2 1/2-1/2

[Event "Orel"]
[Site "?"]
[Date "1998.??.??"]
[Round "11"]
[White "Selensky Andrei"]
[Black "Kalugin Sergei"]
[Result "0-1"]
[WhiteElo "2360"]
[BlackElo "2240"]
[PlyCount "76"]
[EventDate "1998.??.??"]
[Source "www.chesslib.no"]
[SourceDate "2004.05.04"]

1. d4 Nf6 2. c4 e5 3. e3 e4 4. Nc3 c6 5. Qa4 d6 6. Nge2 Bf5 7. Ng3 Bg6 8. Be2 Nbd7 9. O-O h5 10. f3 exf3 11. Bxf3 h4 12. Nge4 Nxe4 13. Nxe4 Be7 14. Bd2 Nf6 15. Ng5 O-O 16. e4 Nd7 17. Nh3 Bf6 18. Bc3 c5 19. e5 dxe5 20. dxe5 Nxe5 21. Bxb7 Rb8 22. Bd5 Ng4 23. Rad1 Qc7 24. Nf4 Bg5 25. h3 Bxf4 26. hxg4 Rfe8 27. Rde1 Rxe1 28. Rxe1 Bg3 29. Re8+ Kh7 30. Re2 Qf4 31. Qd1 Qxg4 32. b3 Rb6 33. Bf3 Qg5 34. Qa1 Bh5 35. Bd2 Qg6 36. Qf1 Bxf3 37. Qxf3 Qb1+ 38. Qf1 Bh2+ 0-1

[Event "Las Vegas USA"]
[Site "?"]
[Date "2006.06.12"]
[Round "6"]
[White "Belliard Alonzo Luis"]
[Black "Taylor Timothy"]
[Result "1-0"]
[WhiteElo "2248"]
[BlackElo "2330"]
[PlyCount "87"]
[EventDate "2006.??.??"]
[Source "www.chesslib.no"]
[SourceDate "2004.05.04"]

1. d4 Nf6 2. c4 e5 3. Nf3 e4 4. Ng1 d5 5. Bg5 dxc4 6. Nc3 Nc6 7. e3 h6 8. Bxf6 Qxf6 9. Bxc4 Qg6 10. Kf1 Bd6 11. Nge2 Bg4 12. Qc2 f5 13. Qa4 O-O-O 14. Bb5 f4 15. exf4 Rhf8 16. d5 Bxe2+ 17. Nxe2 Bxf4 18. Nxf4 Rxf4 19. dxc6 Rd2 20. Qxa7 Rfxf2+ 21. Ke1 bxc6 22. Ba6+ Kd7 23. Qxf2 Rxf2 24. Kxf2 Qf6+ 25. Ke3 Qxb2 26. Be2 Kd6 27. Rhd1+ Ke5 28. Kf2 Qb6+ 29. Kf1 Qe3 30. Re1 Qf4+ 31. Kg1 e3 32. a4 Qd4 33. a5 Qa7 34. a6 Kd4 35. Red1+ Kc3 36. Rac1+ Kb2 37. Rxc6 Qa8 38. Rxc7 Qf8 39. Rf1 Qa3 40. a7 Qa5 41. Rcf7 Kc3 42. Bf3 Qb6 43. Kh1 Qa6 44. Re1 1-0

[Event "Oberliga Wuert 9495"]
[Site "Wuerttemberg"]
[Date "1995.??.??"]
[Round "?"]
[White "Gabriel, Robert"]
[Black "Schnepp, Gunnar"]
[Result "1-0"]
[WhiteElo "2260"]
[BlackElo "2305"]
[PlyCount "47"]
[EventDate "1994.10.??"]
[Source "www.chesslib.no"]
[SourceDate "2004.05.04"]

1. d4 Nf6 2. c4 e5 3. e3 e4 4. Ne2 Bb4+ 5. Bd2 Bxd2+ 6. Nxd2 O-O 7. Nc3 Re8 8. Qc2 d5 9. cxd5 Nxd5 10. Nxd5 Qxd5 11. Qxc7 Na6 12. Bxa6 bxa6 13. O-O Bb7 14. Qc4 Qg5 15. Rfc1 Rad8 16. Rc3 Bc8 17. Rac1 Bh3 18. Qf1 Bf5 19. Rc5 Rd6 20. Rc6 Rg6 21. R1c5 f6 22. Nc4 Rh6 23. Nd6 Qh4 24. Qc4+ 1-0

[Event "Ethniki tt"]
[Site "?"]
[Date "2001.??.??"]
[Round "4"]
[White "Kofidis Andreas"]
[Black "Markantonis Vasilios"]
[Result "1-0"]
[WhiteElo "2445"]
[BlackElo "2110"]
[PlyCount "55"]
[EventDate "2001.??.??"]
[Source "www.chesslib.no"]
[SourceDate "2004.05.04"]

1. d4 Nf6 2. c4 e5 3. d5 Bc5 4. e3 O-O 5. Nc3 d6 6. a3 c6 7. b4 Bb6 8. Bb2 cxd5 9. cxd5 Bf5 10. Nge2 Nbd7 11. Ng3 Bg6 12. Bd3 Ne8 13. h4 Bxd3 14. Qxd3 a5 15. h5 axb4 16. axb4 Rxa1+ 17. Bxa1 h6 18. Bb2 Nc7 19. Rh3 Nf6 20. Nf5 Kh8 21. Ne4 Nxe4 22. Qxe4 Qf6 23. Rg3 Ne8 24. f4 Bc7 25. Rf3 g5 26. fxe5 dxe5 27. d6 Nxd6 28. Qxe5 1-0

[Event "Moscow RUS"]
[Site "?"]
[Date "2006.02.15"]
[Round "9"]
[White "Azizyan Genrikh"]
[Black "Popov Roman"]
[Result "0-1"]
[WhiteElo "2192"]
[BlackElo "2362"]
[PlyCount "42"]
[EventDate "2006.??.??"]
[Source "www.chesslib.no"]
[SourceDate "2004.05.04"]

1. d4 Nf6 2. c4 e5 3. d5 Bc5 4. Nc3 d6 5. e4 Ng4 6. Nh3 f5 7. f3 Ne3 8. Qe2 f4 9. Nf2 O-O 10. Ncd1 Nxf1 11. Rxf1 c6 12. Bd2 b5 13. dxc6 Nxc6 14. cxb5 Nd4 15. Qc4+ Kh8 16. Rc1 a6 17. a4 axb5 18. axb5 Qg5 19. Bc3 Be6 20. Qd3 Nb3 21. Rb1 Qxg2 0-1

[Event "Corr"]
[Site "?"]
[Date "1998.01.15"]
[Round "?"]
[White "Beaumont David (ARG)"]
[Black "Quattrocchi Gaetano (ITA)"]
[Result "1/2-1/2"]
[WhiteElo "2200"]
[BlackElo "2350"]
[PlyCount "73"]
[EventDate "1998.??.??"]
[Source "www.chesslib.no"]
[SourceDate "2004.05.04"]

1. d4 Nf6 2. c4 e5 3. Nc3 Bb4 4. Qc2 O-O 5. a3 Bxc3+ 6. Qxc3 b6 7. Bg5 Bb7 8. f3 h6 9. Bh4 d5 10. e3 Nbd7 11. cxd5 Nxd5 12. Bxd8 Nxc3 13. Bh4 Nd5 14. Bf2 f5 15. Bc4 c5 16. Ne2 Rac8 17. Bb5 Bc6 18. Ba6 Rb8 19. Bd3 b5 20. dxc5 Nxc5 21. Bc2 Na4 22. b3 Nac3 23. e4 fxe4 24. fxe4 Rxf2 25. Kxf2 Rf8+ 26. Ke1 Ne3 27. Nxc3 Nxc2+ 28. Ke2 Nxa1 29. Rxa1 Rc8 30. Kd3 Kf7 31. Rc1 Kf6 32. Na2 Ke6 33. Rc5 Kd6 34. b4 Rf8 35. Ke3 Rf1 36. Nc3 a6 37. Ne2 1/2-1/2

[Event "Oberliga Baden9293"]
[Site "Baden"]
[Date "1993.??.??"]
[Round "?"]
[White "Schienmann, Bruno"]
[Black "Scherer, Helmut"]
[Result "1-0"]
[WhiteElo "2255"]
[BlackElo "2295"]
[PlyCount "55"]
[EventDate "1992.??.??"]
[Source "www.chesslib.no"]
[SourceDate "2004.05.04"]

1. d4 Nf6 2. c4 e5 3. e3 exd4 4. exd4 Bb4+ 5. Bd2 Bxd2+ 6. Nxd2 O-O 7. Bd3 d5 8. c5 b6 9. Ne2 bxc5 10. dxc5 Ba6 11. Nb3 c6 12. O-O Bxd3 13. Qxd3 a5 14. Rac1 Na6 15. Nbd4 Qc7 16. Nf5 Rfe8 17. f4 Ne4 18. Qd4 f6 19. Rf3 Rab8 20. b3 Rb4 21. Qb2 Naxc5 22. a3 Rb7 23. Ned4 g6 24. Nh6+ Kg7 25. Rxc5 Kxh6 26. Rxc6 Qd7 27. Qc1 f5 28. Qb2 1-0

[Event "Barlinek POL"]
[Site "?"]
[Date "2006.06.03"]
[Round "1"]
[White "Budrewicz Krzysztof"]
[Black "Owczarzak Jerzy"]
[Result "0-1"]
[WhiteElo "2142"]
[BlackElo "2380"]
[PlyCount "100"]
[EventDate "2006.??.??"]
[Source "www.chesslib.no"]
[SourceDate "2004.05.04"]

1. d4 Nf6 2. c4 e5 3. Nf3 Bb4+ 4. Nc3 exd4 5. Qxd4 Nc6 6. Qd3 d5 7. e3 dxc4 8. Qxd8+ Nxd8 9. Bxc4 Ne4 10. Bd2 Bxc3 11. Bxc3 Nxc3 12. bxc3 Be6 13. Bb3 Ke7 14. Nd4 c5 15. Ne2 b5 16. O-O Nc6 17. Rfd1 Rhd8 18. Kf1 Rxd1+ 19. Rxd1 Rd8 20. Rxd8 Nxd8 21. Ke1 Nc6 22. Kd2 Na5 23. Bxe6 Kxe6 24. Kd3 Nc4 25. f4 f5 26. e4 fxe4+ 27. Kxe4 Nd6+ 28. Ke3 Kd5 29. Kd3 a5 30. Ng3 g6 31. Nf1 c4+ 32. Ke2 b4 33. cxb4 axb4 34. Ne3+ Kd4 35. g4 b3 36. axb3 cxb3 37. Nd1 Nc4 38. f5 gxf5 39. gxf5 b2 40. Nxb2 Nxb2 41. Kf3 Nc4 42. Kf4 h6 43. Kg4 Ne3+ 44. Kh5 Nxf5 45. Kg6 Ke5 46. h4 Ke6 47. h5 Ke5 48. Kf7 Ne3 49. Kg7 Ng4 50. Kg6 Kf4 0-1

[Event "Paris FRA"]
[Site "?"]
[Date "2004.07.11"]
[Round "9"]
[White "Hajek Jan"]
[Black "Toulzac Pierre Yves"]
[Result "1-0"]
[WhiteElo "2205"]
[BlackElo "2297"]
[PlyCount "91"]
[EventDate "2004.??.??"]
[Source "www.chesslib.no"]
[SourceDate "2004.05.04"]

1. d4 Nf6 2. c4 e5 3. e3 exd4 4. exd4 Bb4+ 5. Bd2 Bxd2+ 6. Qxd2 O-O 7. Bd3 Re8+ 8. Ne2 d5 9. c5 b6 10. b4 bxc5 11. bxc5 Ba6 12. Nbc3 Ne4 13. Bxe4 dxe4 14. O-O Nc6 15. Rfd1 Bd3 16. d5 Ne5 17. Ng3 Qh4 18. h3 g6 19. Qe3 f5 20. Nce2 Nc4 21. Qd4 Ne5 22. Rd2 Qg5 23. Rad1 Bxe2 24. Rxe2 f4 25. Rxe4 fxg3 26. f4 Nf3+ 27. gxf3 Qh4 28. Kg2 Rab8 29. Rd2 Rxe4 30. Qxe4 Rf8 31. Qe6+ Kg7 32. Qe5+ Kh6 33. Qxc7 Rxf4 34. Qe5 Rf5 35. Qe4 Qg5 36. Qd4 Qe7 37. d6 Qd7 38. Qh4+ Kg7 39. Re2 Rf7 40. Re7 Rxe7 41. Qxe7+ Qxe7 42. dxe7 Kf7 43. Kxg3 Kxe7 44. Kf4 Kd7 45. Kg5 Kc6 46. Kh6 1-0

[Event "National Open"]
[Site "Las Vegas, NV USA"]
[Date "1995.??.??"]
[Round "1"]
[White "Kapstan, Aron"]
[Black "Briggs, Philip J"]
[Result "1-0"]
[WhiteElo "2220"]
[BlackElo "2280"]
[PlyCount "63"]
[EventDate "1995.??.??"]
[Source "www.chesslib.no"]
[SourceDate "2004.05.04"]

1. d4 Nf6 2. c4 e5 3. d5 Bc5 4. e3 O-O 5. Nf3 d6 6. Be2 Ne8 7. O-O f5 8. Nc3 Nd7 9. Na4 Rf6 10. Qc2 Rg6 11. Rd1 e4 12. Nd4 Ne5 13. f4 Bxd4 14. Rxd4 Ng4 15. Bxg4 Rxg4 16. Rd1 b6 17. Nc3 Nf6 18. Bd2 Nd7 19. b4 a5 20. a3 Qf6 21. Rab1 Qg6 22. Be1 Qf7 23. Nb5 axb4 24. axb4 Nf6 25. Ra1 Rb8 26. Ra7 Ne8 27. Rda1 Bb7 28. Nd4 Qd7 29. b5 Rg6 30. Nc6 Bxc6 31. bxc6 Rf6 32. cxd7 1-0

[Event "Capablanca mem-B 13th"]
[Site "Cienfuegos"]
[Date "1976.06.02"]
[Round "17"]
[White "Hernandez, Jose de Jesus"]
[Black "Remon, Adelquis"]
[Result "1-0"]
[WhiteElo "2300"]
[BlackElo "2200"]
[PlyCount "55"]
[EventDate "1976.05.17"]
[Source "www.chesslib.no"]
[SourceDate "2004.05.04"]

1. d4 Nf6 2. c4 e5 3. d5 c6 4. Nc3 cxd5 5. cxd5 d6 6. g3 g6 7. Bg2 Bg7 8. Nf3 O-O 9. O-O a6 10. a4 Nbd7 11. Nd2 Re8 12. a5 b5 13. axb6 Nxb6 14. Nb3 Qc7 15. Na5 Bd7 16. h3 Bb5 17. Re1 Nc4 18. Nxc4 Bxc4 19. Qa4 Bb5 20. Nxb5 axb5 21. Qxa8 Rxa8 22. Rxa8+ Bf8 23. Bh6 Nd7 24. Rea1 Nb8 25. Bd2 Bg7 26. R1a7 Qc8 27. Ba5 Bf8 28. Rc7 1-0

[Event "Bijeljina"]
[Site "Bijeljina"]
[Date "1994.??.??"]
[Round "3"]
[White "Stojanovic, Marko"]
[Black "Mihojlic, Miodrag"]
[Result "1-0"]
[WhiteElo "2245"]
[BlackElo "2240"]
[PlyCount "114"]
[EventDate "1994.??.??"]
[Source "www.chesslib.no"]
[SourceDate "2004.05.04"]

1. d4 Nf6 2. c4 e5 3. d5 Bc5 4. Nc3 d6 5. Bg5 Bxf2+ 6. Kd2 h6 7. Bxf6 Qxf6 8. e3 Bxe3+ 9. Kxe3 Qf4+ 10. Ke2 Bg4+ 11. Nf3 e4 12. Kf2 exf3 13. gxf3 O-O 14. Bd3 Re8 15. Be4 Nd7 16. Qd4 Bf5 17. Rag1 Ne5 18. Rg3 Ng6 19. h4 Qe5 20. Qxe5 Rxe5 21. h5 Bxe4 22. Nxe4 Ne7 23. Nf6+ Kh8 24. Ng4 Rf5 25. Rgh3 Rf4 26. Re1 Nf5 27. Re4 Rxe4 28. fxe4 Ne7 29. e5 dxe5 30. Nxe5 Kg8 31. Rd3 Rd8 32. Ke3 a5 33. Ke4 Kf8 34. b3 Rd6 35. Rf3 f6 36. Nd3 Kf7 37. Ne5+ Ke8 38. Nd3 b6 39. Nf4 c6 40. Rg3 cxd5+ 41. cxd5 Kf7 42. Rg2 Rd7 43. Rg1 Nc8 44. Ne6 Nd6+ 45. Kf4 Ne8 46. Ke4 Nd6+ 47. Kd3 Ne8 48. Kd4 Kg8 49. Rc1 Rd6 50. Rc8 Kf7 51. Rb8 Ke7 52. Rb7+ Rd7 53. Rxb6 f5 54. Ke5 Nf6 55. Nf4 Kf7 56. Re6 Re7 57. Kxf5 Rd7 1-0

[Event "CZE-chTV 0001"]
[Site "?"]
[Date "2001.??.??"]
[Round "2"]
[White "Fajman Petr"]
[Black "Doring Robert"]
[Result "1-0"]
[WhiteElo "2285"]
[BlackElo "2200"]
[PlyCount "77"]
[EventDate "2001.??.??"]
[Source "www.chesslib.no"]
[SourceDate "2004.05.04"]

1. d4 Nf6 2. c4 e5 3. d5 b5 4. e3 Bb7 5. Nc3 Bb4 6. Bd2 a6 7. a3 Bd6 8. b4 bxc4 9. Bxc4 e4 10. Nge2 O-O 11. Ng3 Re8 12. Qc2 Bxg3 13. hxg3 d6 14. Rd1 Nbd7 15. Bc1 Nb6 16. Ba2 Bc8 17. Bb2 Bf5 18. Ne2 Ng4 19. Nd4 Bg6 20. Nc6 Qg5 21. Rd2 Nd7 22. Bb3 h5 23. Qc4 f6 24. a4 Bf7 25. a5 Nf8 26. Bc2 Ng6 27. Kd1 Qxe3 28. Rf1 Qxf2 29. Bd4 Qxg3 30. Kc1 Ne3 31. Bxe3 Qxe3 32. Kd1 Qa3 33. Bxe4 Ne5 34. Nxe5 Rxe5 35. Rf5 Qa1+ 36. Kc2 Rxe4 37. Qxe4 Re8 38. Qd4 Bg6 39. Qxa1 1-0

[Event "Oberliga Ost B9899"]
[Site "GER"]
[Date "1998.??.??"]
[Round "?"]
[White "Mueller, Andrea"]
[Black "Schlamp, Robert"]
[Result "0-1"]
[WhiteElo "2155"]
[BlackElo "2285"]
[PlyCount "78"]
[EventDate "1998.??.??"]
[Source "www.chesslib.no"]
[SourceDate "2004.05.04"]

1. d4 Nf6 2. c4 e5 3. Nc3 exd4 4. Qxd4 Nc6 5. Qd1 Bb4 6. Bd2 O-O 7. Nf3 d6 8. Qc2 Bg4 9. e3 Bh5 10. Bd3 Qd7 11. O-O-O Bg6 12. Bxg6 hxg6 13. a3 Bxc3 14. Bxc3 Qg4 15. h4 Qxc4 16. h5 Qe4 17. Qb3 Nxh5 18. Rh4 Qe6 19. Qc2 Rfe8 20. Ng5 Qa2 21. Rxh5 gxh5 22. Qh7+ Kf8 23. Qxg7+ Ke7 24. Qf6+ Kd7 25. Qf5+ Re6 26. Qxf7+ Ne7 27. Nxe6 Qxe6 28. Qxh5 Rf8 29. Qe2 Kc8 30. f3 Qa2 31. e4 Rg8 32. Kc2 Ng6 33. Rh1 Nf4 34. Qd2 Rxg2 35. Rh8+ Kd7 36. Rh7+ Kc6 37. Qxg2 Nxg2 38. Rg7 Ne3+ 39. Kd3 Nd1 0-1